|
|
|
|
| LEADER |
01059nam a2200253 a 4500 |
| 001 |
GR-Patra26422 |
| 003 |
GR-PaULI |
| 005 |
20230523095514.0 |
| 008 |
020219s2004 nju g 001 b eng d |
| 952 |
|
|
|0 0
|1 0
|2 ddc
|4 0
|6 658_840000000000000_COX
|7 0
|9 308755
|a LISP
|b LISP
|c BSC
|d 2021-01-17
|e 24
|f
|g 0.00
|i 42430
|l 0
|o 658.84 COX
|p 025000300918
|r 2021-01-17 00:00:00
|t 1
|v 2021.00
|w 2021-01-17
|y BK15
|e
|x
|x GrPaTEI
|
| 999 |
|
|
|c 177885
|d 177885
|
| 020 |
|
|
|a 0130336289
|
| 040 |
|
|
|a GR-PaULI
|b gre
|c GR-PaULI
|e AACR2
|
| 082 |
0 |
4 |
|a 658.84
|2 23
|
| 100 |
1 |
|
|a Cox, Barbara G.,
|d 1946-
|9 198274
|e συγγραφέας.
|
| 245 |
1 |
0 |
|a Internet marketing /
|c Barbara G. Cox, William Koelzer.
|
| 260 |
|
|
|a Upper Saddle River, N.J. :
|b Pearson/Prentice Hall,
|c c2004.
|
| 300 |
|
|
|a xii, 324 σ. :
|b εικ. ;
|c 24 εκ.
|
| 500 |
|
|
|a Περιλαμβάνει ευρετήριο.
|
| 650 |
|
4 |
|a Ηλεκτρονικό εμπόριο
|9 2279
|
| 650 |
|
4 |
|a Μάρκετινγκ
|9 9764
|
| 700 |
1 |
|
|a Koelzer, William
|9 198276
|e συγγραφέας.
|
| 942 |
|
|
|2 ddc
|c BK
|
| 998 |
|
|
|c ΜΠΟΥΡΑΣ
|d 2023-05
|